Central Library OPAC University of Rajshahi

পার্ল বাকের সেরা গল্প / (Record no. 49234)

MARC details
000 -LEADER
fixed length control field 00951nam a2200253 a 4500
001 - CONTROL NUMBER
control field 49234
003 - CONTROL NUMBER IDENTIFIER
rucl marc code BD-RjUL
005 - DATE AND TIME OF LATEST TRANSACTION
control field 20211209054643.0
008 - FIXED-LENGTH DATA ELEMENTS--GENERAL INFORMATION
fixed length control field 160818s1986 xxu||||| |||| 00| 0 eng d
020 ## - INTERNATIONAL STANDARD BOOK NUMBER
Terms of availability : Tk.6.50
035 ## - SYSTEM CONTROL NUMBER
System control number (BD-RjUL)49353
040 ## - CATALOGING SOURCE
Original cataloging agency BD-RjUL
Language of cataloging ben
Transcribing agency BD-RjUL
041 ## - LANGUAGE CODE
Language code of text/sound track or separate title ben
082 ## - DEWEY DECIMAL CLASSIFICATION NUMBER
Edition number 23
Classification number 813
Author mark and year BAP 1968
100 1# - MAIN ENTRY--PERSONAL NAME
Personal name বাক, পার্ল এস.
9 (RLIN) 121998
245 10 - TITLE STATEMENT
Title পার্ল বাকের সেরা গল্প /
Statement of responsibility, etc. পার্ল এস.বাক, আবু জাফর শামসুদ্দিন
250 ## - EDITION STATEMENT
Edition statement ১ম সং.
260 ## - PUBLICATION, DISTRIBUTION, ETC. (IMPRINT)
Place of publication, distribution, etc. ঢাকা :
Name of publisher, distributor, etc. নওরোজ কিতাবিস্তান,
Date of publication, distribution, etc. ১৯৬৮.
300 ## - PHYSICAL DESCRIPTION
Pagination ২৭৮ পৃ ;
Size ২২ সেমি
650 ## - SUBJECT ADDED ENTRY--TOPICAL TERM
Topical term or geographic name as entry element আমেরিকান উপন্যাস
9 (RLIN) 147954
Topical term or geographic name as entry element American fiction
9 (RLIN) 147955
700 ## - ADDED ENTRY--PERSONAL NAME
Personal name শামসুদ্দিন, আবু জাফর
942 ## - ADDED ENTRY ELEMENTS (KOHA)
Source of classification or shelving scheme Dewey Decimal Classification
Koha item type Books
Holdings
Lost status Source of classification or shelving scheme Damaged status Not for loan Collection code Permanent Location Current Location Shelving location Date acquired Source of acquisition Cost, normal purchase price Total Checkouts Full call number Date last seen Copy number Koha item type Date checked out
  Dewey Decimal Classification     Fiction Central Library, University of Rajshahi Central Library, University of Rajshahi   07/06/1968 Nowroj kitabistan,Dhaka 6.50   B 813 BAP 1968 18/08/2016 C-2 Books  
  Dewey Decimal Classification     Fiction Central Library, University of Rajshahi Central Library, University of Rajshahi   07/06/1968 Nawroge kitabstan, Dhaka 6.50   B 813 BAP 1968 21/11/2016 C-3 Books  
  Dewey Decimal Classification     Fiction Central Library, University of Rajshahi Central Library, University of Rajshahi   07/08/1968 Nawroge kitabstan, Dhaka 6.50 4 B 813 BAP 1968 13/01/2020 C-4 Books 05/11/2019
  Dewey Decimal Classification   Not For Loan Fiction Central Library, University of Rajshahi Central Library, University of Rajshahi Reading Room 07/06/1968 Nowroze kitabistan, Dhaka 6.50   B 813 BAP 1968 30/04/2017 C-1 Books